Car Models by Picture #1 - Statistics

General Stats
  • This quiz has been taken 468 times
  • The average score is 8 of 12
Answer Stats
Picture Hint Answer % Correct
Honda Civic
91%
BMW M3
86%
Bugatti Veyron
85%
Fiat 500
79%
Audi A2
74%
Jaguar F-Type
63%
Toyota Land Cruiser
59%
Opel Corsa
58%
Škoda Fabia
58%
Lotus Elise
51%
Peugeot 205
45%
Citroën 2CV
42%
No matching quizzes found
Score Distribution
Percent of People with Each Score
Percentile by Number Answered
Your Score History
You have not taken this quiz